Materials science for dentistry / (Record no. 172159)

MARC details
000 -LEADER
fixed length control field 00956nam a22002777a 4500
003 - CONTROL NUMBER IDENTIFIER
control field OSt
005 - DATE AND TIME OF LATEST TRANSACTION
control field 20250705101714.0
008 - FIXED-LENGTH DATA ELEMENTS--GENERAL INFORMATION
fixed length control field 250705b |||||||| |||| 00| 0 eng d
020 ## - INTERNATIONAL STANDARD BOOK NUMBER
International Standard Book Number 9780081010358 (paperback)
040 ## - CATALOGING SOURCE
Original cataloging agency NUST
Language of cataloging eng
Transcribing agency NUST
Modifying agency NUST
Description conventions rda
050 ## - LIBRARY OF CONGRESS CALL NUMBER
Classification number RK652.5 DAR
100 ## - MAIN ENTRY--PERSONAL NAME
Personal name Darwvell, B. W
Relator term Author
245 ## - TITLE STATEMENT
Title Materials science for dentistry /
Statement of responsibility, etc. B. W. Darvell
250 ## - EDITION STATEMENT
Edition statement Tenth edition.
260 ## - PUBLICATION, DISTRIBUTION, ETC.
Place of publication, distribution, etc. Duxford :
Name of publisher, distributor, etc. Elsevier WP Woodhead Publishers,
Date of publication, distribution, etc. ©2018.
300 ## - PHYSICAL DESCRIPTION
Extent xxv, 813 pages :
Other physical details Illustrations ;
Dimensions 27 cm.
336 ## - CONTENT TYPE
Source rdamedia
Content type term text
Content type code txt
337 ## - MEDIA TYPE
Source rdamedia
Media type term unmediated
Media type code n
338 ## - CARRIER TYPE
Source rdamedia
Carrier type term volume
Carrier type code nc
504 ## - BIBLIOGRAPHY, ETC. NOTE
Bibliography, etc. note Includes bibliographical references and index.
650 ## - SUBJECT ADDED ENTRY--TOPICAL TERM
Form subdivision MEDICAL Dentistry Oral Surgery.
650 ## - SUBJECT ADDED ENTRY--TOPICAL TERM
Form subdivision TECHNOLOGY & ENGINEERING Biomedical.
650 ## - SUBJECT ADDED ENTRY--TOPICAL TERM
Form subdivision Prosthodontics.
650 ## - SUBJECT ADDED ENTRY--TOPICAL TERM
Form subdivision Dentistry.
942 ## - ADDED ENTRY ELEMENTS (KOHA)
Source of classification or shelving scheme Library of Congress Classification
Koha item type Ordinary Loan Books
Edition Tenth edition.
Classification part RK652.5 DAR
Call number prefix RK
Call number suffix DAR
Suppress in OPAC No
Holdings
Withdrawn status Lost status Source of classification or shelving scheme Damaged status Not for loan Collection Home library Current library Shelving location Date acquired Source of acquisition Cost, normal purchase price Total Checkouts Full call number Barcode Date last seen Accession number Cost, replacement price Price effective from Koha item type Public note
    LCC     NFIC MEDICAL MEDICAL GEN 07/05/2025 Book Aid International 100.00   RK652.5 DAR 92004056217 07/05/2025 63298 100.00 07/05/2025 BOOKS Donation